OCP training guide : (Record no. 10677)

000 -LEADER
fixed length control field 00596 a2200157 4500
020 ## - INTERNATIONAL STANDARD BOOK NUMBER
International Standard Book Number 8176351717
082 ## - DEWEY DECIMAL CLASSIFICATION NUMBER
Classification number 005.75/65
090 ## - LOCALLY ASSIGNED LC-TYPE CALL NUMBER (OCLC); LOCAL CALL NUMBER (RLIN)
-- 6854
-- 6854
100 1# - MAIN ENTRY--PERSONAL NAME
Personal name Baird, Willard.
245 10 - TITLE STATEMENT
Title OCP training guide :
Remainder of title Oracle DBA /
Statement of responsibility, etc. by William Baird.
260 ## - PUBLICATION, DISTRIBUTION, ETC.
Place of publication, distribution, etc. Carmel, Ind. :
Name of publisher, distributor, etc. New Riders,
Date of publication, distribution, etc. 1999.
300 ## - PHYSICAL DESCRIPTION
Extent 521 p. :
Other physical details ill. +
538 ## - SYSTEM DETAILS NOTE
System details note System requirements : 486/66 or higher, Pentium recommended ; Windows 95 or Windows NT 4 (or later) ; 16MB RAM ; 1MB hard disk space ; CD-ROM drive ; 256 color VGA/Super VGA video adapter.
650 #0 - SUBJECT ADDED ENTRY--TOPICAL TERM
Topical term or geographic name entry element Relational databases.
942 ## - ADDED ENTRY ELEMENTS (KOHA)
Koha item type Book
Call number prefix 005.75/65 BAI
Holdings
Withdrawn status Lost status Damaged status Not for loan Permanent Location Current Location Shelving location Total Checkouts Full call number Barcode Date last seen Price effective from Koha item type
        Central Library (CL) Central Library (CL) First Floor - Databases   005.75/65 BAI SEECSD00475 11/14/2012 11/14/2012 Book
© 2023 Central Library, National University of Sciences and Technology. All Rights Reserved.